Terra de valor (Registro n. 341213)
[ somente texto ]
| 000 -LÍDER | |
|---|---|
| fixed length control field | 01094nab a2200349 4500 |
| 003 - CÓDIGO MARC DA AGÊNCIA CATALOGADORA | |
| Campo de controle | BR-BrBNA |
| 005 - DATA E HORA DA ÚLTIMA ATUALIZAÇÃO | |
| Campo de controle | 20260402113139.0 |
| 008 - CAMPO DE TAMANHO FIXO | |
| fixed length control field | 260402b bl.||||| |||| 00| 0 por d |
| 040 ## - FONTE DA CATALOGAÇÃO | |
| Agência catalogadora | BR-BrBNA |
| Idioma da catalogação | por |
| 072 ## - CATEGORIA AGRIS | |
| Código AGRIS | E10 ; E11 ; E13 ; E14 ; A50 ; B10 ; C20 ; E70 ; E71 |
| 100 ## - ENTRADA PRINCIPAL - NOME PESSOAL | |
| Nome pessoal | Ondei, Vera |
| 245 ## - TÍTULO PRINCIPAL | |
| Título principal | Terra de valor |
| Subtítulo | Capa |
| 500 ## - NOTA GERAL | |
| Nota geral | 16 illus. |
| 942 ## - ADDED ENTRY ELEMENTS (KOHA) | |
| Koha item type | Analítica |
| 650 ## - ASSUNTO - THESAGRO | |
| Cabeçalho tópico ou nome geográfico | MATOPIBA |
| 650 ## - ASSUNTO - THESAGRO | |
| Cabeçalho tópico ou nome geográfico | FRONTEIRA AGRÍCOLA |
| 650 ## - ASSUNTO - THESAGRO | |
| Cabeçalho tópico ou nome geográfico | EXPLORAÇÃO AGRÍCOLA |
| 650 ## - ASSUNTO - THESAGRO | |
| Cabeçalho tópico ou nome geográfico | VALOR DA TERRA |
| 650 ## - ASSUNTO - THESAGRO | |
| Cabeçalho tópico ou nome geográfico | INVESTIMENTO |
| 650 ## - ASSUNTO - THESAGRO | |
| Cabeçalho tópico ou nome geográfico | ADOÇÃO DE TECNOLOGIA |
| 650 ## - ASSUNTO - THESAGRO | |
| Cabeçalho tópico ou nome geográfico | PESQUISA |
| 650 ## - ASSUNTO - THESAGRO | |
| Cabeçalho tópico ou nome geográfico | ASSISTÊNCIA TÉCNICA |
| 650 ## - ASSUNTO - THESAGRO | |
| Cabeçalho tópico ou nome geográfico | EXTENSÃO RURAL |
| 650 ## - ASSUNTO - THESAGRO | |
| Cabeçalho tópico ou nome geográfico | PRODUTIVIDADE |
| 650 ## - ASSUNTO - THESAGRO | |
| Cabeçalho tópico ou nome geográfico | GRANDE PRODUTOR |
| 650 ## - ASSUNTO - THESAGRO | |
| Cabeçalho tópico ou nome geográfico | MÉDIO PRODUTOR |
| 650 ## - ASSUNTO - THESAGRO | |
| Cabeçalho tópico ou nome geográfico | AGRICULTURA FAMILIAR |
| 650 ## - ASSUNTO - THESAGRO | |
| Cabeçalho tópico ou nome geográfico | COMERCIALIZAÇÃO |
| 650 ## - ASSUNTO - THESAGRO | |
| Cabeçalho tópico ou nome geográfico | EXPORTAÇÃO |
| 773 0# - ENTRADA ANALÍTICA | |
| Host Biblionumber | 1706 |
| Registro do item | 348154 |
| Imprenta | São Paulo-SP Editora Três Ltda - E-mail: luizfsa@revistadinheiro.com.br 2004 |
| Outro identificador | 2025-0643 |
| Título | Dinheiro Rural (Brazil) |
| ISSN | 1807-3700 |
| Colação | v. 10(129) p. 34-40; (Sep 2015) |
| Número de controle de registro | BR2026000443 |
Nenhum exemplar disponível.

BINAGRI